000 00640nam a22002297a 4500
003 UA-OsUOA
001 93123
007 ta
008 20130115b un ||||| |||| 00| 0 ukr d
100 _aГиллельсон М.
090 _a821.161.1
_bГ47
942 _cBK
040 _aUA-OsUOA
_brus
_cUA-OsUOA
_dUA-OsUOA
245 _aМолодой Пушкин и арзамасское братство
300 _a225 с.
955 _a3
041 _arus
080 _a821.161.1
260 _aЛенинргад
_bНаука
_c1974
650 7 _a82 Література. Літературознавство
_2UDC
999 _c379142
_d379142